00645nam a2200193Ia 4500008004100000020001500041082001900056100002100075245003400096250000800130260002700138300000800165500002400173650001600197942000700213952010800220952010800328999001500436230524s9999 xx 000 0 und d a9812402583 a621.38132bMIL aMichael A.Miller 0aData & Network Communications a3RD aNEW DELHIbVikasc2000 a522 aQuantity Number: 2 aElectronics cBK 00104070aTATCLbTATCLcGENd2023-05-24l0o621.38132 MILp6147r2023-05-24w2023-05-24yBKzCPSE3307 00104070aTATCLbTATCLcGENd2023-05-24l0o621.38132 MILp6148r2023-05-24w2023-05-24yBKzCPSE3307 c6651d6651